000
00288nam a22001217a 4500
040
_c
HS
082
_a
530
100
_a
អាត់ ចន្ថា
245
_a
Physic : រូបវិទ្យា
260
_a
RUA
_b
អាត់ ចន្ថា
_c
2008
300
_a
35p;
942
_c
KB
999
_c
10187
_d
10187